书目信息 |
| 题名: |
中国城镇的就业和工资
|
|
| 作者: | 冯兰瑞 , 赵履宽 编著 | |
| 分册: | ||
| 出版信息: | 北京 人民出版社 1982 |
|
| 页数: | 46页 | |
| 开本: | 19cm | |
| 丛书名: | 中国社会主义现代化建设 | |
| 单 册: | ||
| 中图分类: | F249.2 | |
| 科图分类: | ||
| 主题词: | 劳动就业--中国 | |
| 电子资源: | ||
| ISBN: | ||
| 000 | 00770nam2 2200265 45 | |
| 001 | 0182008202 | |
| 005 | 20060802111717.51 | |
| 010 | @dCNY0.14 | |
| 091 | @a4001.418 | |
| 100 | @a19950612d1982 em y0chiy0121 ea | |
| 101 | 0 | @achi |
| 102 | @aCN@b110000 | |
| 105 | @ay z 000yy | |
| 200 | 10 | @a中国城镇的就业和工资@Azhong guo cheng zhen de jiu ye he gong zi@f冯兰瑞,赵履宽编著 |
| 210 | @a北京@c人民出版社@d1982 | |
| 215 | @a46页@d19cm | |
| 225 | 2 | @a中国社会主义现代化建设@e1977-1980@v10 |
| 410 | 0 | @120010@a中国社会主义现代化建设 |
| 606 | @a劳动就业@y中国 | |
| 690 | @aF249.2@v3 | |
| 701 | 0 | @a冯兰瑞@Afeng lan rui@4编著 |
| 701 | 0 | @a赵履宽@Azhao lu kuan@4编著 |
| 801 | 0 | @aCN@bTSSF@c20060802 |
| 801 | 2 | @aCN@bNLC@c20060629 |
| 905 | @a10447@dF249.2@e29 | |
| 中国城镇的就业和工资/冯兰瑞,赵履宽编著.-北京:人民出版社,1982 |
| 46页;19cm.-(中国社会主义现代化建设:1977-1980;10) |
| ISBN :CNY0.14 |
| ● |
| 相关链接 |
|
|
|
|
正题名:中国城镇的就业和工资
索取号:F249.2/29
 
预约/预借
| 序号 | 登录号 | 条形码 | 馆藏地/架位号 | 状态 | 备注 |
| 1 | 0421370 | 204213706 | 密集书库/ [索取号:F249.2/29] | 在馆 | |
| 2 | 0441812 | 204418120 | 密集书库/ [索取号:F249.2/29] | 在馆 |